Bảng giá đất và các quy định mới nhất về đất đai 2009
Gồm các qui định về phương pháp xác định giá đất, khung giá các loại đất và các văn bản pháp qui hướng dẫn thực hiện luật đất đai tính đến năm 2009.
Gespeichert in:
| Körperschaft: | |
|---|---|
| Format: | Buch |
| Sprache: | Undetermined |
| Veröffentlicht: |
Hà Nội
Lao Động
2009
|
| Schlagworte: | |
| Tags: |
Tag hinzufügen
Keine Tags, Fügen Sie den ersten Tag hinzu!
|
| Thư viện lưu trữ: | Trung tâm Học liệu Trường Đại học Cần Thơ |
|---|
| LEADER | 01183nam a2200229Ia 4500 | ||
|---|---|---|---|
| 001 | CTU_160468 | ||
| 008 | 210402s9999 xx 000 0 und d | ||
| 020 | |c 298000 | ||
| 082 | |a 346.59704 | ||
| 082 | |b B450 | ||
| 110 | |a Bộ Tài nguyên và Môi trường Việt Nam | ||
| 245 | 0 | |a Bảng giá đất và các quy định mới nhất về đất đai 2009 | |
| 245 | 0 | |c Bộ Tài nguyên và Môi trường Việt Nam | |
| 260 | |a Hà Nội | ||
| 260 | |b Lao Động | ||
| 260 | |c 2009 | ||
| 520 | |a Gồm các qui định về phương pháp xác định giá đất, khung giá các loại đất và các văn bản pháp qui hướng dẫn thực hiện luật đất đai tính đến năm 2009. | ||
| 650 | |a Real estate business,Land use,Sử dụng đất,Kinh doanh bất động sản | ||
| 650 | |x Law and legislation,Government policy,Chính sách Nhà nước,Luật và các văn bản quy phạm pháp luật | ||
| 650 | |z Vietnam,Vietnam,Việt Nam,Việt Nam | ||
| 904 | |i Trọng Hiếu | ||
| 980 | |a Trung tâm Học liệu Trường Đại học Cần Thơ | ||